| 000 | 00820nam a2200205Ia 4500 | ||
|---|---|---|---|
| 999 |
_c38084 _d38084 |
||
| 001 | 4071 | ||
| 003 | GE_BSU | ||
| 005 | 20191002123451.0 | ||
| 008 | 181216s1964||||ge |||||||||||||| ||geo|| | ||
| 040 | _cGE_BSU | ||
| 041 | _ageo | ||
| 080 | _a070 ნ–32 | ||
| 100 |
_aნატროშვილი, ილია _94444 |
||
| 245 |
_aნარკვევები ბოლშევიკური პრესის ისტორიიდან / _cრედ. კ. ლოლაძე. |
||
| 264 |
_aთბილისი : _bსაქ. კპ ცკ–ის გამ–ბა, _c1964. |
||
| 300 |
_a719 გვ. ; _b21 სმ. |
||
| 653 | _aბოლშევიკური პრესის ისტორია | ||
| 700 |
_aლოლაძე, კ. _eრედაქტორი _94445 |
||
| 942 |
_cBK _2udc |
||